[Event "Master Open"]
[Site "Voronezh"]
[Date "2017.06.20"]
[Round "8.10"]
[White "Khanin, Semen"]
[Black "Popov, Ivan"]
[Result "1/2-1/2"]
[WhiteElo "2436"]
[BlackElo "2619"]
[Annotator ""]
[Source ""]
[Remark ""]

1.e4 c5 2.Nf3 a6 3.c3 d5 4.exd5 Qxd5 5.Na3 Nc6 6.Be2 Bg4 7.O-O
Nf6 8.Nc2 Qd8 9.d4 e6 10.Be3 Nd5 11.dxc5 Nxe3 12.Nxe3 Bxf3 13.Bxf3
Bxc5 14.Bxc6+ bxc6 15.Qf3 Qc7 16.Rfd1 O-O 17.Rd2 Rfd8 18.Rad1
Rxd2 19.Rxd2 Rd8 20.Rxd8+ Qxd8 21.Qxc6 Bxe3 22.fxe3 Qd1+ 23.Kf2
Qc2+ 24.Kf3 Qf5+ 25.Ke2 Qc2+ 26.Kf3 Qf5+ 27.Ke2 Qc2+ 28.Kf3 Qf5+
29.Ke4 1/2-1/2

[Event "Master Open"]
[Site "Voronezh"]
[Date "2017.06.20"]
[Round "8.11"]
[White "Bocharov, Dmitry"]
[Black "Kozionov, Kirill"]
[Result "1/2-1/2"]
[WhiteElo "2579"]
[BlackElo "2437"]
[Annotator ""]
[Source ""]
[Remark ""]

1.c4 e5 2.Nc3 Nf6 3.Nf3 Nc6 4.e3 d5 5.cxd5 Nxd5 6.Bb5 Nxc3 7.bxc3
Bd6 8.e4 O-O 9.O-O Qf6 10.d4 Bg4 11.Be3 Qg6 12.Bd3 Rad8 13.d5
Ne7 14.Nh4 Qh5 15.f3 Bc8 16.Bf2 g5 17.g4 Qh6 18.Qd2 Ng6 19.Nxg6
fxg6 20.Be3 Rf4 21.Kg2 b6 22.c4 Qf8 23.Be2 Bc5 24.Rab1 Bd7 25.Rfc1
Re8 26.Rb3 Kf7 27.h3 Qd6 28.Bxc5 Qxc5 29.Qb4 Qxb4 30.Rxb4 Ke7
31.c5 Rf6 32.Kf2 Ra8 33.Ke3 Kd8 34.Rb2 bxc5 35.Rxc5 Rb6 36.Rbc2
Rc8 37.Ra5 Ra8 38.Bc4 Ke7 39.Bb3 Kd6 40.Rh2 h5 41.h4 gxh4 42.Rxh4
hxg4 43.fxg4 Rb5 44.Ra3 Rb6 45.g5 Kc5 46.Bc2 Rb2 47.Rc3+ Kd6
48.a3 Rf8 49.Rh7 Rbb8 50.Rh6 Be8 51.Bd3 Rg8 52.Rh7 Bd7 53.Rh6
Rb2 54.Be2 Rb1 55.Kf2 Rb2 56.Kf3 Rb1 57.Kf2 Rb2 58.Rh2 Rgb8 59.Rh6
Rg8 60.Ke3 Rb1 61.Bh5 Rh1 1/2-1/2

[Event "Master Open"]
[Site "Voronezh"]
[Date "2017.06.20"]
[Round "8.12"]
[White "Cherniaev, Alexander"]
[Black "Rychagov, Andrey"]
[Result "1/2-1/2"]
[WhiteElo "2425"]
[BlackElo "2556"]
[Annotator ""]
[Source ""]
[Remark ""]

1.d4 d5 2.Nf3 Nf6 3.g3 c6 4.Bg2 Bf5 5.c4 e6 6.Nc3 Nbd7 7.Qb3
Qb6 8.c5 Qxb3 9.axb3 a6 10.b4 Rd8 11.h3 h6 12.g4 Bh7 13.Bf4 Ne4
14.Ne5 g5 15.Bh2 Nxe5 16.Bxe5 f6 17.Bh2 Bg7 18.f3 Nxc3 19.bxc3
e5 20.Kd2 O-O 21.e3 Rde8 22.Bg3 f5 23.Bxe5 Bxe5 24.dxe5 Rxe5
25.gxf5 Bxf5 26.h4 g4 27.f4 Re7 28.h5 Kf7 29.Rh4 Kf6 30.Bf1 Rg8
31.Rh1 Rge8 32.Re1 Ra8 33.Ra1 Rae8 34.Re1 Ra8 35.Ra1 Rae8 36.Re1
Ke5 1/2-1/2

[Event "Master Open"]
[Site "Voronezh"]
[Date "2017.06.20"]
[Round "8.13"]
[White "Mozharov, Mikhail"]
[Black "Murtazin, Ruslan"]
[Result "1-0"]
[WhiteElo "2536"]
[BlackElo "2359"]
[Annotator ""]
[Source ""]
[Remark ""]

1.d4 Nf6 2.c4 c5 3.d5 e6 4.Nf3 exd5 5.cxd5 d6 6.e4 g6 7.Bd3 Bg7
8.O-O O-O 9.h3 b5 10.Bxb5 Nxe4 11.Re1 Nf6 12.Nc3 Na6 13.Nd2 Nc7
14.Bc6 Rb8 15.Nde4 Nxe4 16.Nxe4 Bf5 17.Bg5 f6 18.Bd2 Bxe4 19.Rxe4
f5 20.Ra4 Rxb2 21.Rb1 Rxb1 22.Qxb1 Qb8 23.Qe1 Nb5 24.Qe6+ Kh8
25.Qe7 Bf6 26.Qd7 Rd8 27.Qe6 Be5 28.f4 Bg7 29.Qe7 Rg8 30.Kh2
Nd4 31.Rxa7 Qb2 32.Qe3 Nf3+ 33.gxf3 Bd4 34.Qe2 Bc3 35.Bxc3+ Qxc3
36.Qe7 1-0

[Event "Master Open"]
[Site "Voronezh"]
[Date "2017.06.20"]
[Round "8.14"]
[White "Nozdrachev, Leonid"]
[Black "Moiseenko, Vadim"]
[Result "0-1"]
[WhiteElo "2411"]
[BlackElo "2528"]
[Annotator ""]
[Source ""]
[Remark ""]

1.e4 c6 2.d4 d5 3.Nc3 dxe4 4.Nxe4 Nf6 5.Nxf6+ exf6 6.Be2 Bd6
7.Bf3 O-O 8.Ne2 Qc7 9.Be3 Re8 10.Qd2 Be6 11.Nc3 f5 12.g3 Nd7
13.O-O Nb6 14.b3 Rad8 15.a4 a5 16.Ne2 Bd5 17.Bh5 g6 18.c4 Be4
19.Bg5 Be7 20.Bf4 Qd7 21.f3 Bb4 22.Qd1 Bd5 23.Bg5 Be7 24.Bd2
Bxc4 25.bxc4 Nxc4 26.Bf4 Bf6 27.Kh1 Ne3 28.Bxe3 Rxe3 29.Qd2 Rde8
30.Nf4 Qxd4 31.Qa2 Qd6 32.Rab1 Qa3 33.Qxa3 Rxa3 34.Rxb7 Rxa4
35.Ra7 Bg5 36.Nh3 Be3 37.Rc7 gxh5 38.Rxc6 h4 39.Rf6 hxg3 40.hxg3
Re6 41.Rxf5 Rh6 42.Kg2 Ra2+ 43.Nf2 Rc6 44.Re5 Ba7 45.Re7 Bb6
46.Rb7 a4 47.g4 a3 48.Kg3 Bxf2+ 49.Rxf2 Rxf2 50.Kxf2 Ra6 51.Rb1
a2 52.Ra1 Kg7 53.Kg3 Kg6 54.f4 h6 55.Kh4 Ra3 0-1

[Event "Master Open"]
[Site "Voronezh"]
[Date "2017.06.21"]
[Round "9.15"]
[White "Rychagov, Andrey"]
[Black "Rodin, Dmitrij"]
[Result "1/2-1/2"]
[WhiteElo "2556"]
[BlackElo "2391"]
[Annotator ""]
[Source ""]
[Remark ""]

1.d4 Nf6 2.c4 e6 3.Nf3 b6 4.g3 Bb7 5.Bg2 Be7 6.O-O O-O 7.Nc3
Ne4 8.Qc2 Nxc3 9.Qxc3 d6 10.Bf4 Nd7 11.Rfd1 Bf6 12.Qc2 g6 13.e4
Qe7 14.Be3 Bg7 15.d5 Nc5 16.Rac1 a5 17.b3 Rfe8 18.Re1 exd5 19.Bg5
Qd7 20.cxd5 h6 21.Bf4 Re7 22.Nd2 Rae8 23.Be3 Ba6 24.Bxc5 bxc5
25.a4 Rb8 26.Bf1 Bxf1 27.Rxf1 Qh3 28.Qd3 h5 29.Rc4 Rb4 30.Nf3
Bf6 31.Re1 h4 32.Qf1 Qg4 33.Qd3 Qh3 34.Qf1 Qg4 35.Qd3 Qh3 1/2-1/2

[Event "Master Open"]
[Site "Voronezh"]
[Date "2017.06.21"]
[Round "9.16"]
[White "Yeletsky, Ivan"]
[Black "Zontakh, Andrey"]
[Result "1/2-1/2"]
[WhiteElo "2415"]
[BlackElo "2528"]
[Annotator ""]
[Source ""]
[Remark ""]

1.e4 e5 2.Nf3 Nc6 3.Bb5 a6 4.Ba4 Nf6 5.O-O Be7 6.Re1 b5 7.Bb3
d6 8.c3 O-O 9.d4 Bg4 10.Be3 exd4 11.cxd4 Na5 12.Bc2 c5 13.h3
Bxf3 14.Qxf3 cxd4 15.Bxd4 Nc6 16.Be3 d5 17.Nd2 dxe4 18.Bxe4 Nxe4
19.Qxe4 Rc8 20.Rac1 Qd7 21.Nb3 Rfe8 22.Red1 Qe6 23.Qxe6 fxe6
24.Rd7 Bf6 25.Rd6 Nb4 26.Bd2 Rxc1+ 27.Nxc1 Bxb2 28.Bxb4 Bxc1
29.Rxa6 Bb2 30.Bc5 Rc8 31.Be3 e5 32.Rb6 Ra8 33.Rxb5 Rxa2 34.g4
Kf7 35.Kg2 Ba1 36.Rb7+ Kf6 37.Rb6+ Kf7 38.Rb7+ Kf6 39.Rb6+ Kf7
40.Rb7+ Kf6 41.Rd7 Ra4 42.Kf3 e4+ 43.Kg3 h6 44.h4 Be5+ 45.Kg2
Ke6 46.Rb7 Rc4 47.Rb6+ Kf7 48.Rb5 Ke6 49.Ra5 Kf6 1/2-1/2

[Event "Master Open"]
[Site "Voronezh"]
[Date "2017.06.21"]
[Round "9.17"]
[White "Elistratov, Semen"]
[Black "Tsydypov, Zhamsaran"]
[Result "0-1"]
[WhiteElo "2403"]
[BlackElo "2511"]
[Annotator ""]
[Source ""]
[Remark ""]

1.e4 e6 2.d4 d5 3.Nd2 a6 4.Ngf3 c5 5.dxc5 Bxc5 6.Bd3 Nf6 7.exd5
exd5 8.O-O O-O 9.c3 Bg4 10.Nb3 Ba7 11.h3 Bh5 12.Be2 Re8 13.Nfd4
Bg6 14.Bd3 Ne4 15.Re1 Nd7 16.f3 Nd6 17.Bxg6 hxg6 18.Bf4 Nc4 19.Rxe8+
Qxe8 20.Qc2 Nf6 21.Bg3 Nh5 22.Bf2 Nf4 23.Re1 Qa4 24.a3 Re8 25.Rxe8+
Qxe8 26.Kf1 Qe3 27.Bxe3 Nxe3+ 28.Ke1 Nxc2+ 29.Nxc2 Nxg2+ 30.Kf1
Ne3+ 31.Nxe3 Bxe3 32.Ke2 Bb6 33.Kd3 Kf8 34.Nd2 Ke7 35.c4 Ke6
36.a4 dxc4+ 37.Nxc4 Bc5 38.Ke4 g5 39.Na5 b6 40.Nc6 f5+ 41.Kd3
Kd5 42.Nb8 b5 43.b3 bxa4 44.bxa4 a5 45.Nd7 Ba7 46.Nf8 Bb6 47.Ng6
Bc5 48.h4 g4 49.fxg4 fxg4 50.Nf4+ Ke5 51.Ng2 g3 52.Kc4 Be7 0-1

[Event "Master Open"]
[Site "Voronezh"]
[Date "2017.06.21"]
[Round "9.18"]
[White "Murtazin, Bulat"]
[Black "Gabrielian, Artur"]
[Result "0-1"]
[WhiteElo "2403"]
[BlackElo "2506"]
[Annotator ""]
[Source ""]
[Remark ""]

1.d4 Nf6 2.c4 g6 3.Nc3 d5 4.e3 Bg7 5.Qb3 e6 6.Nf3 O-O 7.Be2 Nc6
8.cxd5 exd5 9.O-O Ne7 10.Qa3 Nf5 11.b4 Re8 12.Bb2 Ne4 13.Rac1
Nxd4 14.Nxd4 Bxd4 15.Rfd1 Nxc3 16.Rxc3 Bg7 17.Bf3 c6 18.e4 Qe7
19.Re3 Bxb2 20.Qxb2 dxe4 21.Bxe4 Be6 22.b5 Rad8 23.Rc1 cxb5 24.Qxb5
b6 25.h3 Rd2 26.Bf3 Rxa2 27.Bg4 Rd2 28.Bxe6 fxe6 29.Rc6 Rd1+
30.Kh2 Rd6 31.Rc2 Qd7 32.Qb3 Rd5 33.Rce2 Qd6+ 34.g3 a5 35.Qa4
Re7 36.Qa2 h5 37.h4 Kh7 38.Re4 Rf5 39.f4 Rd5 40.Re5 Rxe5 41.Rxe5
Rd7 42.Re2 Qd5 43.Qa4 Rc7 44.Qe8 Qd7 45.Qb8 b5 46.Qb6 Rc1 47.f5
gxf5 48.Qe3 Qc6 49.Rg2 Rc2 50.Rxc2 Qxc2+ 51.Kg1 Qd1+ 52.Kh2 Qd7
53.Qe2 Qe8 54.Qe5 a4 55.Qd6 Kg6 56.Qf4 Qe7 57.Qb8 Kg7 58.Qxb5
a3 59.Qb3 Kf7 60.Qa4 Qd6 61.Qa7+ Qe7 62.Qa5 Kg6 63.Qa8 Kh7 64.Qa6
e5 65.Kg2 Kg7 66.Kf3 Qc5 67.Qb7+ Kf6 68.Qa6+ Ke7 69.Qb7+ Kd6
70.Qb8+ Kd5 71.Ke2 Qc2+ 72.Ke3 Qc3+ 0-1

[Event "Master Open"]
[Site "Voronezh"]
[Date "2017.06.21"]
[Round "9.19"]
[White "Khegay, Dmitriy"]
[Black "Tunik, Gennady"]
[Result "1-0"]
[WhiteElo "2482"]
[BlackElo "2384"]
[Annotator ""]
[Source ""]
[Remark ""]

1.d4 Nf6 2.Nf3 e6 3.Bf4 c5 4.e3 b6 5.Nbd2 Be7 6.Bd3 Bb7 7.O-O
cxd4 8.exd4 O-O 9.c3 Nh5 10.Be3 Nf6 11.a4 Ba6 12.Bxa6 Nxa6 13.Bf4
Nc7 14.Bxc7 Qxc7 15.Qe2 a6 16.Ne5 Qb7 17.f4 g6 18.Ndf3 d6 19.Nd3
b5 20.Rfe1 Rfe8 21.Qc2 Bf8 22.Qb3 Qd5 23.Qxd5 Nxd5 24.g3 Nb6
25.axb5 axb5 26.Kf2 d5 27.Nfe5 Rec8 28.Ke2 f6 29.Ng4 Kf7 30.Ne3
Nc4 31.Nc2 h5 32.b3 Na5 33.b4 Nc4 34.Nc5 Bd6 35.Ne3 Nxe3 36.Kxe3
e5 37.fxe5 fxe5 38.dxe5 Bxe5 39.Kd3 Bg7 40.Rf1+ Kg8 41.Rxa8 Rxa8
42.Ne6 Ra2 43.h4 Rg2 44.Rf3 Be5 45.Nf4 Rg1 46.Ne2 Rd1+ 47.Kc2
Rh1 48.Re3 Bg7 49.Re8+ Kf7 50.Rb8 Bh6 51.Rxb5 Re1 52.Nd4 Re3
53.Rxd5 Rxg3 54.b5 Rg2+ 55.Kb3 Bc1 56.Kc4 Rb2 57.Nb3 Be3 58.Rd3
Bf2 59.Rf3+ Ke7 60.Rf4 Bb6 61.Nd4 Rg2 62.Re4+ Kd7 63.Kd5 Rg4
64.Rxg4 hxg4 65.Ne6 Be3 66.Nf8+ Kc7 67.Ke4 Bd2 68.c4 Kd6 69.Nxg6
Kc5 70.h5 1-0

[Event "Master Open"]
[Site "Voronezh"]
[Date "2017.06.21"]
[Round "9.20"]
[White "Sobina, Pavel"]
[Black "Praggnanandhaa, R"]
[Result "0-1"]
[WhiteElo "2250"]
[BlackElo "2467"]
[Annotator ""]
[Source ""]
[Remark ""]

1.d4 Nf6 2.Bg5 d5 3.Bxf6 exf6 4.e3 c6 5.c4 Bd6 6.Nc3 dxc4 7.Bxc4
O-O 8.Nf3 f5 9.O-O Nd7 10.a4 Nf6 11.Qc2 g6 12.h3 Kg7 13.Rfd1
h6 14.d5 c5 15.Bf1 Qe7 16.Nb5 Bd7 17.Nxd6 Qxd6 18.Qb3 b6 19.g3
Rfe8 20.Bg2 a6 21.Qc3 Kg8 22.Nd2 b5 23.Nb3 Rac8 24.axb5 axb5
25.Ra7 c4 26.Na5 Ra8 27.Nb7 Qb6 28.Rxa8 Rxa8 29.Nc5 Qd6 30.Qd4
Bc8 31.Ne6 Ne8 32.Nc5 Nf6 33.Re1 Ra5 34.e4 fxe4 35.Nxe4 Nxe4
36.Rxe4 Bd7 37.h4 h5 38.Bf3 Ra6 39.Re5 Qf6 40.Qe3 Rd6 41.Kg2
Kg7 42.Qd4 Ra6 43.Be2 Bf5 44.f4 Ra1 45.d6 Ra6 46.Rd5 Qxd4 47.Rxd4
Bd7 48.Kf2 Ra2 49.Re4 Rxb2 50.Ke3 Bf5 51.Rd4 Rb3+ 52.Kf2 Bd7
53.Rd5 Kf6 54.Re5 c3 55.Ke3 c2+ 56.Kd2 Rc3 57.Kc1 b4 58.Re4 b3
59.Rb4 Rxg3 60.Kd2 Rg1 0-1

[Event "Master Open"]
[Site "Voronezh"]
[Date "2017.06.21"]
[Round "9.21"]
[White "Provotorov, Ivan"]
[Black "Grishchenko, Sergey"]
[Result "0-1"]
[WhiteElo "2368"]
[BlackElo "2447"]
[Annotator ""]
[Source ""]
[Remark ""]

1.c4 Nf6 2.Nc3 e5 3.Nf3 Nc6 4.e3 Be7 5.Qb3 O-O 6.Be2 h6 7.d4
exd4 8.exd4 d5 9.cxd5 Nb4 10.O-O Nbxd5 11.Nxd5 Nxd5 12.Ne5 c6
13.Bc4 a5 14.a4 Bb4 15.Rd1 Be6 16.Qg3 Qf6 17.Rd3 Ne7 18.Rf3 Nf5
19.Qh3 Bxc4 20.Rxf5 Be6 21.Rxf6 Bxh3 22.Rxf7 Rxf7 23.Nxf7 Kxf7
24.gxh3 Re8 25.Be3 Ke6 26.Kf1 Kd5 27.Rc1 Re4 28.Ke2 Be7 29.f4
b6 30.Kf3 Bf6 31.Rg1 Rxe3+ 0-1

[Event "Master Open"]
[Site "Voronezh"]
[Date "2017.06.21"]
[Round "9.22"]
[White "Timofeev, Artyom"]
[Black "Murtazin, Ruslan"]
[Result "1/2-1/2"]
[WhiteElo "2561"]
[BlackElo "2359"]
[Annotator ""]
[Source ""]
[Remark ""]

1.c4 Nf6 2.Nc3 g6 3.g3 Bg7 4.Bg2 O-O 5.Nf3 d6 6.Nd5 Nxd5 7.cxd5
c6 8.dxc6 Nxc6 9.O-O Bf5 10.Nh4 Be6 11.Nf3 Bf5 12.Nh4 Be6 13.Nf3
Bf5 14.Nh4 Be6 1/2-1/2

[Event "Master Open"]
[Site "Voronezh"]
[Date "2017.06.21"]
[Round "9.23"]
[White "Harutjunyan, Gevorg"]
[Black "Sergienko, Sergey"]
[Result "1-0"]
[WhiteElo "2472"]
[BlackElo "2344"]
[Annotator ""]
[Source ""]
[Remark ""]

1.e4 c5 2.Nf3 a6 3.c4 e6 4.Nc3 d6 5.d4 cxd4 6.Nxd4 Nf6 7.Bd3
Nbd7 8.O-O b6 9.Qe2 Bb7 10.b3 g6 11.Ba3 Nc5 12.Rad1 Bg7 13.Bc2
O-O 14.b4 Ncd7 15.Bb3 Qc7 16.Bb2 Rad8 17.f4 Qb8 18.Rd2 Rfe8 19.Nf3
Bf8 20.a3 Rc8 21.e5 Nh5 22.Ng5 b5 23.c5 d5 24.Nce4 dxe4 25.Rxd7
Rc7 26.Rxc7 Qxc7 27.Nxe4 Bxe4 28.Qxe4 Rd8 29.g4 Ng7 30.Rd1 h5
31.h3 hxg4 32.hxg4 Rxd1+ 33.Bxd1 Qd8 34.Bd4 Ne8 35.Bf3 Nc7 36.Bf2
Qd2 37.f5 Qc1+ 38.Kg2 Nd5 39.Kg3 Bh6 40.fxe6 Bf4+ 41.Kg2 Ne3+
42.Bxe3 Bxe3 43.e7 Qd2+ 44.Kh3 1-0

[Event "Master Open"]
[Site "Voronezh"]
[Date "2017.06.21"]
[Round "9.24"]
[White "Ovchinnikov, Vsevolod"]
[Black "Ponomarev, Dmitry"]
[Result "1/2-1/2"]
[WhiteElo "2325"]
[BlackElo "2417"]
[Annotator ""]
[Source ""]
[Remark ""]

1.d4 d5 2.c4 dxc4 3.Nf3 a6 4.a4 Nc6 5.e3 e5 6.Bxc4 Bb4+ 7.Nc3
exd4 8.exd4 Nf6 9.O-O O-O 10.h3 Bf5 11.Be3 Ne4 12.Nxe4 Bxe4 13.Ne5
Na5 14.Qg4 Nxc4 15.Qxe4 Nd6 16.Qc2 Qe7 17.Nd3 Nf5 18.Nxb4 Nxe3
19.fxe3 Qxb4 20.Qxc7 Qxb2 21.Rab1 Qa3 22.Rxb7 Qxe3+ 23.Kh2 Qxd4
24.Rxf7 Rxf7 25.Qxf7+ Kh8 26.Re7 Qd6+ 27.Kh1 Qd1+ 28.Kh2 Qd6+
29.Kh1 Qd1+ 30.Kh2 Qd6+ 1/2-1/2

[Event "Master Open"]
[Site "Voronezh"]
[Date "2017.06.21"]
[Round "9.25"]
[White "Yashmetov, Mikhail"]
[Black "Nozdrachev, Leonid"]
[Result "1-0"]
[WhiteElo "2308"]
[BlackElo "2411"]
[Annotator ""]
[Source ""]
[Remark ""]

1.Nf3 Nf6 2.g3 d5 3.Bg2 b5 4.O-O e6 5.d3 Bb7 6.c4 dxc4 7.dxc4
Qxd1 8.Rxd1 bxc4 9.Bf4 Bd6 10.Bxd6 cxd6 11.Rxd6 Bd5 12.Ng5 h6
13.e4 hxg5 14.exd5 Ke7 15.dxe6 Kxd6 16.Bxa8 Kxe6 17.Nc3 Nbd7
18.Re1+ Kf5 19.Be4+ Nxe4 20.Nxe4 Nb6 21.Nd6+ Kf6 22.Re4 Rb8 23.Kg2
a5 24.Re3 Kg6 25.Re5 Rd8 26.Rxg5+ Kxg5 27.Nxf7+ Kf5 28.Nxd8 Ke4
29.Nc6 a4 30.Nb4 Kd4 31.Kf3 c3 32.b3 g5 33.Ke2 axb3 34.axb3 g4
35.Nc2+ Ke4 36.Ne3 1-0

[Event "Master Open"]
[Site "Voronezh"]
[Date "2017.06.21"]
[Round "9.26"]
[White "Shagbazyan, Taron"]
[Black "Maltsevskaya, Aleksandra"]
[Result "1-0"]
[WhiteElo "2406"]
[BlackElo "2203"]
[Annotator ""]
[Source ""]
[Remark ""]

1.d4 Nf6 2.c4 g6 3.Nc3 Bg7 4.g3 O-O 5.Bg2 d6 6.e3 Nbd7 7.Nge2
e5 8.O-O c6 9.b3 Re8 10.d5 c5 11.e4 Kh8 12.h3 Ng8 13.Qc2 Rf8
14.Bb2 h5 15.f4 h4 16.g4 exf4 17.Nxf4 Ne5 18.Kh1 Qe7 19.Rf2 Bd7
20.Raf1 Rae8 21.Nd3 Nxd3 22.Qxd3 Nh6 23.Qd2 f5 24.exf5 gxf5 25.Re2
Qf7 26.g5 Ng8 27.Rxe8 Rxe8 28.Qf4 Ne7 29.Qxd6 Ng6 30.Qxc5 f4
31.Qf2 Bf5 32.Nb5 Re3 33.Nd6 Qd7 34.Bxg7+ Kxg7 35.Nxf5+ Qxf5
36.Qxe3 fxe3 37.Rxf5 e2 38.Rf1 exf1Q+ 39.Bxf1 Nf4 40.Kg1 Kg6
41.Kf2 Kxg5 42.Ke3 Kf5 43.Kd4 b6 44.b4 Kf6 45.c5 bxc5+ 46.bxc5
Ng6 47.c6 1-0

[Event "Master Open"]
[Site "Voronezh"]
[Date "2017.06.21"]
[Round "9.27"]
[White "Bakunts, Rafael"]
[Black "Bryakin, Mikhail"]
[Result "0-1"]
[WhiteElo "2397"]
[BlackElo "2338"]
[Annotator ""]
[Source ""]
[Remark ""]

1.e4 c6 2.d4 d5 3.e5 Bf5 4.Nf3 e6 5.Be2 Nd7 6.O-O Bg6 7.Nbd2
Nh6 8.Nb3 Nf5 9.Bd2 h5 10.a4 h4 11.h3 Be7 12.a5 a6 13.Ne1 c5
14.c3 O-O 15.Nxc5 Bxc5 16.dxc5 Nxe5 17.Bf4 Nc6 18.Qb3 Qe7 19.Nd3
e5 20.Bh2 Rad8 21.Rfe1 f6 22.Qb6 d4 23.Nb4 Nxb4 24.Qxb4 dxc3
25.bxc3 Rc8 26.Bd3 Rfd8 27.Rad1 Kh7 28.Qb1 Rxd3 29.Qxd3 Qxc5
30.Qd7 Rc7 31.Qe6 Qxa5 32.Rd8 Qxc3 33.Qg8+ Kh6 34.Red1 Qc4 35.Qf8
b5 36.Qh8+ Bh7 37.Qe8 b4 38.Qa4 b3 39.Qa3 Rb7 40.R8d2 Bg6 41.Qb2
a5 42.Bxe5 fxe5 43.Qxe5 Kh7 44.Qxa5 b2 45.Rb1 Nh6 0-1

[Event "Master Open"]
[Site "Voronezh"]
[Date "2017.06.21"]
[Round "9.28"]
[White "Gunchenko, Vadim"]
[Black "Nesterov, Arseniy"]
[Result "1/2-1/2"]
[WhiteElo "2199"]
[BlackElo "2382"]
[Annotator ""]
[Source ""]
[Remark ""]

1.d4 Nf6 2.c4 e6 3.Nf3 Bb4+ 4.Bd2 Qe7 5.Nc3 b6 6.g3 Bb7 7.Bg2
O-O 8.O-O d6 9.Qc2 Nbd7 10.Nb5 Bxd2 11.Nxd2 Bxg2 12.Kxg2 a6 13.Nc3
e5 14.d5 Nh5 15.e4 g6 16.f3 f5 17.Ne2 a5 18.Ng1 Nc5 19.Nh3 Rae8
20.Rae1 Qd7 21.b3 b5 22.cxb5 Qxb5 23.Nf2 Ra8 24.a4 Qa6 25.Re3
Nf6 26.Nd3 Nfd7 27.Nxc5 Nxc5 28.exf5 gxf5 29.Nc4 e4 30.fxe4 fxe4
31.Rf4 Qc8 32.Qe2 Qd8 33.Qg4+ Kh8 34.Nd2 Rg8 35.Qf5 Rg5 36.Qf7
Rg7 37.Qf5 Rg5 38.Qf7 Rg7 39.Qf5 Rg5 40.Qf7 Rg7 1/2-1/2

[Event "Master Open"]
[Site "Voronezh"]
[Date "2017.06.21"]
[Round "9.29"]
[White "Kokarev, Dmitry"]
[Black "Sadhwani, Raunak"]
[Result "1-0"]
[WhiteElo "2640"]
[BlackElo "2328"]
[Annotator ""]
[Source ""]
[Remark ""]

1.Nf3 Nf6 2.g3 g6 3.Bg2 Bg7 4.c4 O-O 5.O-O d6 6.Nc3 c5 7.d4 Nc6
8.d5 Na5 9.Nd2 a6 10.Rb1 Bf5 11.e4 Bg4 12.Qc2 b5 13.h3 Bd7 14.b3
Rb8 15.Bb2 Qc7 16.Nd1 bxc4 17.bxc4 Nh5 18.Bxg7 Nxg7 19.Ne3 Rxb1
20.Rxb1 Rb8 21.Rxb8+ Qxb8 22.Qc3 Qc7 23.f4 Nb7 24.Qb2 Nd8 25.e5
Qb7 26.Qxb7 Nxb7 27.g4 f6 28.e6 Ba4 29.Ne4 Be8 30.Kf2 Na5 31.Bf1
Nb7 32.Bd3 Na5 33.Nc3 h6 34.Kf3 Nb7 35.Ne2 Na5 36.Ng3 Kf8 37.Bc2
Nb7 38.h4 Na5 39.Kf2 Nb7 40.Bd1 Na5 41.Ke1 f5 42.gxf5 Nxf5 43.Nexf5
gxf5 44.Be2 Bg6 45.h5 Bh7 46.Bd1 Nb7 47.Ba4 Kg7 48.Bd7 Kf6 49.Bc8
Nd8 50.Bxa6 1-0

[Event "Master Open"]
[Site "Voronezh"]
[Date "2017.06.21"]
[Round "9.30"]
[White "Korchmar, Vasiliy"]
[Black "Tsoi, Dmitry"]
[Result "0-1"]
[WhiteElo "2422"]
[BlackElo "2326"]
[Annotator ""]
[Source ""]
[Remark ""]

1.d4 Nf6 2.c4 e6 3.g3 d5 4.Bg2 dxc4 5.Nf3 Bd7 6.Ne5 Bc6 7.Nxc6
Nxc6 8.O-O Qd7 9.e3 O-O-O 10.Nc3 h5 11.Qa4 Nd5 12.Qxc4 h4 13.b4
Bxb4 14.Bd2 hxg3 15.hxg3 Bxc3 16.Bxc3 Nce7 17.Rfc1 f5 18.Rab1
g5 19.Ba5 Nc6 20.Bd2 Rdf8 21.Qb5 Nd8 22.Qa5 Kb8 23.Rc4 f4 24.Ra4
Qh7 25.Qxa7+ Kc8 26.Rxb7 fxg3 27.f4 Nxb7 28.Rb4 Qc2 29.Qxb7+
Kd8 30.Be1 Qc1 31.Kf1 Nxe3+ 32.Ke2 Qd1+ 33.Kxe3 gxf4+ 0-1

[Event "Master Open"]
[Site "Voronezh"]
[Date "2017.06.21"]
[Round "9.31"]
[White "Nazaretyan, Tigran"]
[Black "Domogaev, Sergey"]
[Result "1-0"]
[WhiteElo "2328"]
[BlackElo "2411"]
[Annotator ""]
[Source ""]
[Remark ""]

1.d4 Nf6 2.c4 c5 3.d5 b5 4.cxb5 a6 5.bxa6 g6 6.Nc3 Bg7 7.a7 Rxa7
8.e4 O-O 9.Nf3 d6 10.Be2 Nbd7 11.O-O Ba6 12.a4 Qa8 13.Ra3 Rb8
14.Nb5 Bxb5 15.Bxb5 Qb7 16.Re1 Ng4 17.Nd2 Ngf6 18.Nc4 Nb6 19.b3
Ne8 20.Bd2 Nxc4 21.bxc4 Nc7 22.h4 Qc8 23.Ree3 h5 24.Reb3 Raa8
25.Qf3 Bd4 26.Qh3 e6 27.Bf4 Qd8 28.Qg3 exd5 29.exd5 Ne8 30.Be3
Be5 31.Bf4 Bd4 32.Kh2 Ng7 33.Bg5 Qa5 34.Rf3 Qe1 35.Bf6 Rb6 36.Bxd4
cxd4 37.Rf4 Qe5 38.Raf3 Ra7 39.Rf6 Qxg3+ 40.Rxg3 Rb8 41.Rxd6
Nf5 42.Rf6 Nxg3 43.Kxg3 d3 44.Kf3 Re7 45.Rf4 Re2 46.Rd4 Rc2 47.Rxd3
Kg7 48.a5 Ra2 49.a6 Rd8 50.d6 1-0

[Event "Master Open"]
[Site "Voronezh"]
[Date "2017.06.21"]
[Round "9.32"]
[White "Arjun, Kalyan"]
[Black "Karpenko, Artem"]
[Result "1/2-1/2"]
[WhiteElo "2322"]
[BlackElo "2404"]
[Annotator ""]
[Source ""]
[Remark ""]

1.e4 e5 2.Nf3 Nc6 3.Bb5 a6 4.Ba4 Nf6 5.O-O Be7 6.Re1 b5 7.Bb3
d6 8.c3 O-O 9.h3 Nb8 10.d4 Nbd7 11.Nbd2 Bb7 12.Bc2 Re8 13.Nf1
Bf8 14.Ng3 g6 15.b3 Bg7 16.d5 Rc8 17.c4 c6 18.Be3 cxd5 19.cxd5
Nb6 20.Qd2 Nfd7 21.Rac1 Nc5 22.Bd3 Re7 23.Rc2 Rec7 24.Rec1 Nxd3
25.Qxd3 Nd7 26.b4 Bf6 27.Nd2 Rxc2 28.Rxc2 Rxc2 29.Qxc2 Qc8 30.Qxc8+
Bxc8 31.Ne2 Bd8 32.Nc3 Nb6 33.Kf1 Kf8 34.Ke2 Ke8 35.f3 Bd7 36.Kd3
f6 37.Kc2 Ke7 38.Kd3 Ke8 39.Ke2 Ke7 40.Kd3 Ke8 1/2-1/2

[Event "Master Open"]
[Site "Voronezh"]
[Date "2017.06.21"]
[Round "9.34"]
[White "Chekletsov, Ilya"]
[Black "Tomilova, Elena"]
[Result "0-1"]
[WhiteElo "2378"]
[BlackElo "2303"]
[Annotator ""]
[Source ""]
[Remark ""]

1.d4 d5 2.Nf3 Nf6 3.c4 c6 4.Qc2 dxc4 5.Qxc4 Bg4 6.Nbd2 e6 7.g3
Be7 8.Bg2 O-O 9.O-O Nbd7 10.Ne5 Bh5 11.Ndf3 Nd5 12.Rd1 a5 13.g4
Bg6 14.Nxd7 Qxd7 15.Ne5 Qc7 16.e4 Nb6 17.Qe2 f6 18.Nxg6 hxg6
19.Be3 Bd6 20.e5 Be7 21.exf6 Bxf6 22.g5 Bd8 23.Bd2 Qd6 24.Bh3
Re8 25.Re1 Bc7 26.Bxe6+ Kh7 27.Qg4 Qxh2+ 28.Kf1 Rxe6 29.Rxe6
Nc4 30.Ke2 Rf8 31.Rf1 Nxd2 32.Kxd2 Rf4 33.Qe2 Rxd4+ 34.Kc2 Qh3
35.Kb1 Bf4 36.Re1 Bxg5 37.Ka1 Bf6 38.Re3 Qh5 39.a3 Rd5 40.Rb3
b5 41.Qe6 Rf5 42.Qxc6 a4 43.Rh1 axb3 44.Rxh5+ gxh5 45.Qe4 g6
46.f4 Rc5 47.Kb1 Rc2 48.Qb7+ Kh6 49.Qxb5 Rxb2+ 50.Kc1 Rc2+ 51.Kb1
Ra2 0-1

[Event "Master Open"]
[Site "Voronezh"]
[Date "2017.06.21"]
[Round "9.35"]
[White "Popov, Mikhail"]
[Black "Schepetkova, Margarita"]
[Result "0-1"]
[WhiteElo "2378"]
[BlackElo "2252"]
[Annotator ""]
[Source ""]
[Remark ""]

1.d4 d5 2.Bf4 c5 3.e3 cxd4 4.exd4 Nc6 5.c3 Nf6 6.Nd2 Bf5 7.Ngf3
a6 8.Qb3 Na5 9.Qa4+ Bd7 10.Qc2 Rc8 11.Bd3 Bb5 12.Bxb5+ axb5 13.a3
e6 14.O-O Bd6 15.Bg5 Be7 16.Bxf6 Bxf6 17.Qd3 Nc4 18.Rab1 O-O
19.Rfe1 Qc7 20.g3 Rfd8 21.Qe2 h6 22.Nb3 Qb6 23.Kg2 Re8 24.Ne5
Nxe5 25.dxe5 Be7 26.Nd4 b4 27.axb4 Bxb4 28.Qb5 Qxb5 29.Nxb5 Be7
30.Ra1 Rc6 31.Ra5 Rb6 32.Rea1 Kh7 33.b4 Rc8 34.R1a3 Rc4 35.Rb3
g5 36.Nd4 Bxb4 37.Ra7 Bxc3 38.Rxb6 Bxd4 39.Rbxb7 Bxa7 40.Rxf7+
Kg6 41.Rxa7 Re4 42.h3 h5 43.Kf1 g4 44.h4 Rxe5 45.Ra4 Kf6 46.Ra7
d4 47.Rd7 Rd5 48.Rh7 Rf5 49.Ke2 Ke5 50.Kd3 Rf3+ 51.Ke2 d3+ 52.Ke1
Rf5 53.Ra7 Ke4 54.Ra4+ Kf3 55.Kf1 e5 56.Ra5 Ke4 57.Ra4+ Kd5 58.Ra5+
Kd4 59.Ra4+ Kc3 60.Ra3+ Kc2 61.Ra2+ Kb3 62.Ra5 d2 63.Rd5 Kc2
64.Rc5+ Kd1 65.Ra5 Rf3 66.Ra1+ Kc2 67.Ke2 d1Q+ 68.Rxd1 Rxf2+ 0-1

[Event "Master Open"]
[Site "Voronezh"]
[Date "2017.06.21"]
[Round "9.36"]
[White "Panchenko, Dmitry"]
[Black "Yeritsyan, Aram"]
[Result "0-1"]
[WhiteElo "2371"]
[BlackElo "2295"]
[Annotator ""]
[Source ""]
[Remark ""]

1.e4 e5 2.Nf3 Nc6 3.Bc4 Bc5 4.c3 Nf6 5.d3 a6 6.Bb3 Ba7 7.O-O
d6 8.Nbd2 O-O 9.h3 Ne7 10.Re1 Ng6 11.Nf1 Re8 12.Ng3 h6 13.d4
Be6 14.Bc2 c6 15.Be3 Qc7 16.Qd2 Kh7 17.Nf5 Ng8 18.Rad1 b5 19.a4
Rad8 20.Ra1 a5 21.axb5 cxb5 22.Bd3 Rb8 23.Qe2 Bd7 24.Ng5+ hxg5
25.Qh5+ Nh6 26.Bxg5 Nf4 27.Bxf4 Bxf5 28.exf5 exf4 29.f6+ g6 30.Qd5
b4 31.Rxe8 Rxe8 32.Qxa5 Qxa5 33.Rxa5 Bb8 34.Kf1 bxc3 35.bxc3
Re6 36.h4 Rxf6 37.h5 Kg7 38.Rb5 Bc7 39.hxg6 fxg6 40.Bc4 Kf8 41.Bd5
Ke7 42.Be4 Nf7 43.Ke2 Re6 44.Kd3 Kf6 45.Bd5 Re7 46.Rb1 Nh6 47.Bf3
Ba5 48.Rb5 Ra7 49.Rd5 Bc7 50.Rb5 Ra3 51.Rb2 Ba5 52.Rc2 Nf5 53.Be4
Ne7 54.Kc4 d5+ 55.Bxd5 Rxc3+ 56.Rxc3 Bxc3 57.Be4 Be1 58.g3 fxg3
59.fxg3 Bxg3 60.Bxg6 Kxg6 61.d5 Kf6 62.d6 Bxd6 63.Kd4 Kf5 64.Ke3
Nc6 65.Kf3 Bf4 66.Ke2 Ke4 67.Kf2 Nd4 68.Kg2 Kf5 69.Kh3 Kg5 70.Kg2
Kg4 71.Kf2 Bd2 72.Kg2 Be3 73.Kh2 Kf3 74.Kh1 Ne2 75.Kh2 Ng3 76.Kh3
Bg1 77.Kh4 Ne4 78.Kh5 Kf4 79.Kg6 Ng5 80.Kf6 Bc5 81.Kg6 Kg4 82.Kh6
Bd6 83.Kg6 Be7 84.Kh6 Kf5 85.Kh5 Ne6 86.Kh6 Bg5+ 87.Kh7 Kf6 88.Kg8
Kg6 89.Kh8 Nc5 90.Kg8 Nd7 91.Kh8 Bh6 92.Kg8 Nf6+ 93.Kh8 Bg7# 0-1